A Basic for Composition (Record no. 2708)

MARC details
000 -LEADER
fixed length control field 00351nam a22001337a 4500
008 - FIXED-LENGTH DATA ELEMENTS--GENERAL INFORMATION
fixed length control field 250326b |||||||| |||| 00| 0 eng d
020 ## - INTERNATIONAL STANDARD BOOK NUMBER
ISBN 0675098483
100 ## - MAIN ENTRY--AUTHOR
Author CARSON, R. Barbara
245 ## - TITLE STATEMENT
Title A Basic for Composition
260 ## - PUBLICATION, DISTRIBUTION, ETC. (IMPRINT)
Place of publication Toronto
Name of publisher Charles E. Merrill Publishing Company
Date of publication 1982
300 ## - COLLATION
Pagination xi, 396p.
942 ## - ADDED ENTRY ELEMENTS (KOHA)
Item type Books
050 ## - LIBRARY OF CONGRESS CALL NUMBER
Classification number PE1413
Item number .C37
Holdings
Source of classification or shelving scheme Not for loan Permanent location Current location Date acquired Accession No. Full call number Barcode. Koha item type
Library of Congress Classification   Samuel Ogbemudia Main Library, University of Abuja Samuel Ogbemudia Main Library, University of Abuja 03/26/2025 93/011510 PE1413.C37 2025-1006 Books